Selected statistics relating to Local education authorities in England and Wales (Record no. 414416)

000 -LEADER
fixed length control field 00391cam a22001097a 4500
008 - FIXED-LENGTH DATA ELEMENTS--GENERAL INFORMATION
fixed length control field 180718b1962 xxu||||| |||| 00| 0 eng d
082 ## - DEWEY DECIMAL CLASSIFICATION NUMBER
Classification number P065x421959-60
245 ## - TITLE STATEMENT
Title Selected statistics relating to Local education authorities in England and Wales
Statement of responsibility, etc. by Ministry of Education
260 ## - PUBLICATION, DISTRIBUTION, ETC.
Place of publication, distribution, etc. London
Name of publisher, distributor, etc. Her Majesty's Stationery Office
Date of publication, distribution, etc. 1962
300 ## - PHYSICAL DESCRIPTION
Extent 32p.
700 ## - ADDED ENTRY--PERSONAL NAME
Personal name U.S. . Ministry of Education
Holdings
Withdrawn status Lost status Damaged status Not for loan Permanent Location Current Location Date acquired Full call number Barcode Date last seen Price effective from Koha item type
        Indian Institute of Public Administration Indian Institute of Public Administration 2009-06-17 P065x421959-60 16405 2018-07-21 2018-07-21 Book

Powered by Koha